| 000 | 01559nam0a2200397 4500 | ||
|---|---|---|---|
| 001 | RU\NLR\bibl\415239 | ||
| 005 | 20250622172055.0 | ||
| 010 |
_a5-88782-407-7 _97000 |
||
| 021 |
_aRU _b2003-24467 _91141 |
||
| 035 | _a(NLR Aleph) 000409254 | ||
| 090 |
_a624581 _c624581 |
||
| 100 | _a20030627d2003 |||y0rusy50 ca | ||
| 101 | 0 | _arus | |
| 102 | _aRU | ||
| 105 | _ay ||||||||| | ||
| 200 | 1 |
_aПуть страхового агента _eАгент-менеджер-рук. _fВладимир Перемолотов, Рудольф Хайкин |
|
| 210 |
_aСПб. и др. _cПитер _cПитер принт _d2003 |
||
| 215 |
_a284, [2] с. _d21 |
||
| 225 | 1 | _aБизнес-пSихология | |
| 320 | _aБиблиогр.: с. 286 | ||
| 606 | 0 |
_aСтрахование _xСоциально-психологические исследования _92211277 _3RU\NLR\auth\661328339 |
|
| 606 | 0 |
_aСтраховые агенты _xОрганизация работы _92298500 _3RU\NLR\auth\661376221 |
|
| 610 | 0 | _aСтраховые агенты - Организация работы | |
| 675 |
_a368:159.9 _v3 _zrus |
||
| 686 |
_a88.4 _2rubbk |
||
| 686 | _aС550.47 | ||
| 686 | _aУ26(2)31-642 | ||
| 700 | 1 |
_aПеремолотов _bВ. В. _gВладимир Васильевич _4070 |
|
| 701 | 1 |
_aХайкин _bР. М. _gРудольф Моисеевич _4070 |
|
| 801 | 0 |
_aRU _bRKP _c20030627 _gPSBO |
|
| 801 | 1 |
_aRU _bRKP _c20030627 |
|
| 801 | 2 |
_aRU _bNLR _c20030820 _grcr |
|
| 942 | _cBOOK | ||
| 980 | _aNB | ||